000 00802nam a22002417a 4500
005 20150312161744.0
010 _aBAC-EN21 ENG-111715
020 _a9789382676126
_c380.00
035 _aEN-95247
035 _aB-592200-223
037 _bUBH/Ven
_adpl
037 _bDBAD/PUB
082 _a347.5406
100 _aAvtar Singh
245 _aPrinciples of the law of evidence;
_cby Avtar Singh
_ba study of the Indian Evidence Act, 1872 /
250 _a20th ed
260 _aAllahabad
_bCentral Law Publications
_c2013
270 _a107, Darbhanga Caste,
_bAllahabad
_e211002
300 _aLi,596p.
_c24cm(pbk)
500 _aIncludes index
942 _2ddc
_cEN
_mAVT
_h347.5406
999 _c89364
_d89364